Kuvavisa: Aasian suurimmat P:llä alkavat kaupungit - Statistics

Yleistilastot
  • Tätä visaa on pelattu 23 kertaa
  • Keskiarvotulos 6 / 16
Vastaustilastot
Kuvavisa Hint Vastaus % Oikein
🇨🇳 18 960 000 Peking
100%
🇰🇵 2 520 000 Pjongjang
94%
🇮🇳 5 060 000 Puṇe
72%
🇰🇭 2 190 000 Phnom Penh
67%
🇮🇳 2 050 000 Paṭnā
61%
🇮🇩 1 440 000 Palembang
56%
🇵🇰 1 970 000 Peshāwar
50%
🇨🇳 1 050 000 Píngdǐngshān
11%
🇮🇩 800 000 Padang
6%
🇨🇳 980 000 Pánjǐn
6%
🇮🇩 880 000 Pekanbaru
6%
🇨🇳 850 000 Pīzhōu
6%
🇮🇳 1 210 000 Prayāgrāj
6%
🇨🇳 940 000 Pǔníng
6%
🇨🇳 1 540 000 Pútián
6%
🇨🇳 820 000 Púyáng
6%
Ehtoja vastaavia visoja ei löytynyt
Tulosjakauma
Jokaisen tuloksen saaneiden osuus
Persentiili vastausten määrän mukaan
Tuloshistoriasi
Et ole pelannut tätä visaa